Statistics for Top 25 Democracies

Click here to take the quiz!

General Stats

  • This quiz has been taken 2,257 times
  • The average score is 20 of 25

Answer Stats

RankCountry% Correct
19United States
99%
4Sweden
97%
18United Kingdom
97%
1Norway
96%
8Canada
95%
9Finland
95%
6Australia
94%
3Denmark
93%
14Germany
93%
5New Zealand
90%
10Netherlands
89%
25Spain
89%
7Switzerland
89%
2Iceland
88%
21Japan
88%
13Austria
87%
23Belgium
87%
12Ireland
84%
22South Korea
78%
11Luxembourg
75%
16Czech Republic
60%
15Malta
48%
20Costa Rica
27%
17Uruguay
22%
24Mauritius
8%

Score Distribution

Percentile by Number Answered

Percent of People with Each Score

Your Score History

You have not taken this quiz